| 000 | 00446cam a2200181ua 4500 | ||
|---|---|---|---|
| 020 | _c3.00 | ||
| 041 |
_aeng _h |
||
| 082 |
_a545 _bSWA/QU |
||
| 100 | _aSwaminatha Iyyer, V . | ||
| 245 |
_aQuantitative analysis / _cV Swaminathaiyyer. _hTextual Documents |
||
| 250 |
_a1 / _b. |
||
| 260 |
_aMadras : _bCentral Art press , _c1961. |
||
| 300 | _a146 ; . | ||
| 365 | _a3.00 | ||
| 942 | _cBK | ||
| 999 |
_c7494 _d7494 |
||